[Event "Michigan Open"]
[Site "Cadillac, MI"]
[Date "1999.09.??"]
[Round "3"]
[White "Calton, Bill"]
[Black "Roe, Philip"]
[Result "1-0"]
[WhiteElo "2222"]
[BlackElo "2050"]
[PlyCount "83"]
[EventDate "1999.09.03"]

1. d4 Nf6 2. Nf3 g6 3. Nc3 d5 4. Bf4 Bg7 5. e3 O-O 6. Be2 Nh5 7. Bg5 h6 8. Bh4
g5 9. Ne5 Nf6 10. Bg3 Bf5 11. h4 Nbd7 12. hxg5 hxg5 13. Nf3 Ne4 14. Nxe4 Bxe4
15. Nxg5 Bxg2 16. Rh2 Be4 17. Bd3 Nf6 18. Be5 Qd7 19. Bxf6 exf6 20. Bxe4 dxe4
21. Nxe4 Rfe8 22. Qd3 Qg4 23. Ng3 f5 24. Ne2 f4 25. O-O-O fxe3 26. fxe3 Qe4 27.
Kd2 c5 28. Rg1 f5 29. Rhg2 Re7 30. Ng3 Qxd3+ 31. Kxd3 Rxe3+ 32. Kxe3 Bxd4+ 33.
Kf4 Bxg1 34. Nxf5+ Kf7 35. Rxg1 Ke6 36. Rg7 b5 37. b3 c4 38. bxc4 bxc4 39. Rc7
Rf8 40. Rc5 c3 41. Ke4 Rb8 42. Rxc3 1-0

[Event "Michigan Open"]
[Site "Cadillac, MI"]
[Date "1999.09.??"]
[Round "5"]
[White "Calton, Bill"]
[Black "Pray, Don"]
[Result "0-1"]
[WhiteElo "2222"]
[BlackElo "2018"]
[PlyCount "98"]
[EventDate "1999.09.03"]

1. d4 Nf6 2. Nf3 e6 3. Bg5 h6 4. Bxf6 Qxf6 5. e4 d5 6. e5 Qd8 7. Bd3 c5 8. c3
Nc6 9. O-O Qb6 10. Na3 c4 11. Bxc4 Bxa3 12. bxa3 dxc4 13. Nd2 Na5 14. Qg4 Kf8
15. Ne4 Qd8 16. f4 Bd7 17. Nd6 g6 18. Rae1 Qe7 19. Qf3 Bc6 20. Qe2 Rd8 21. Rb1
Bd5 22. Rb5 b6 23. a4 f5 24. Rbb1 Qd7 25. Kf2 Ke7 26. Ke3 Qc6 27. g4 Be4 28.
gxf5 exf5 29. Nxe4 Qxe4+ 30. Kd2 Qxe2+ 31. Kxe2 Rd5 32. Rg1 Kf7 33. h4 h5 34.
Rb5 Rxb5 35. axb5 Rd8 36. Rb1 Ke6 37. Rb4 Kd5 38. Ke3 Nb7 39. a4 Re8 40. Rb1
Re6 41. Rh1 Nd6 42. Kd2 Ne4+ 43. Kc2 Nf2 44. Ra1 Nd3 45. a5 Nxf4 46. axb6 axb6
47. Ra8 Ke4 48. Rc8 Ng2 49. Rxc4 Ne3+ 0-1

[Event "Michigan Open"]
[Site "Cadillac, MI"]
[Date "1999.09.??"]
[Round "7"]
[White "Calton, Bill"]
[Black "Fuller, William"]
[Result "1-0"]
[WhiteElo "2222"]
[BlackElo "2103"]
[PlyCount "107"]
[EventDate "1999.09.03"]

1. d4 c5 2. d5 e6 3. c4 exd5 4. cxd5 d6 5. Nc3 g6 6. Nf3 Bg7 7. g3 a6 8. a4 Ne7
9. Bg2 O-O 10. Bf4 Qb6 11. Ra2 Nf5 12. O-O Nd7 13. g4 Nd4 14. Nd2 c4 15. e3 Nb3
16. Nxc4 Qb4 17. Nxd6 Ne5 18. Nxc8 Raxc8 19. Qe2 f5 20. gxf5 Rxf5 21. Bh3 Rxf4
22. exf4 Qxf4 23. Bxc8 Nf3+ 24. Kg2 Nbd4 25. Qe8+ Bf8 26. Be6+ Kh8 27. Rh1 Nh4+
28. Kh3 Ndf3 29. Ne4 g5 30. Qd8 Kg7 31. Qf6+ Qxf6 32. Nxf6 Kxf6 33. Bg4 Ne5 34.
f4 Nd3 35. fxg5+ Kxg5 36. Rf1 Bd6 37. Be6 Nf4+ 38. Rxf4 Bxf4 39. b4 h5 40. b5
axb5 41. axb5 b6 42. Ra8 Nf3 43. Rg8+ Kf6 44. Rf8+ Ke5 45. Rf5+ Ke4 46. Rxh5
Bxh2 47. Kg4 Ne5+ 48. Kh3 Bg1 49. d6 Bc5 50. d7 Be7 51. Rh8 Ng6 52. Re8 Nf4+
53. Kh2 Bh4 54. Bg4+ 1-0

[Event "Michigan Open"]
[Site "Cadillac, MI"]
[Date "1999.09.??"]
[Round "1"]
[White "Calton, Bill"]
[Black "Brumley, Ron"]
[Result "1-0"]
[WhiteElo "2222"]
[BlackElo "1909"]
[PlyCount "81"]
[EventDate "1999.09.03"]

1. d4 Nf6 2. Nf3 g6 3. Nc3 Bg7 4. e4 d6 5. Be3 O-O 6. Qd2 Ng4 7. Bg5 h6 8. Bh4
c5 9. d5 Nd7 10. h3 Ngf6 11. Be2 Rb8 12. a4 a6 13. a5 b6 14. axb6 Rxb6 15. O-O
Rxb2 16. Bxa6 g5 17. Bg3 Nh5 18. Bh2 Qc7 19. Be2 Nf4 20. Bxf4 gxf4 21. Ra3 Ne5
22. Nd1 Rb4 23. Nxe5 Bxe5 24. c3 Rb7 25. Nb2 f5 26. Bf3 Bd7 27. Nd3 Kg7 28.
Nxf4 c4 29. Nh5+ Kg6 30. exf5+ Bxf5 31. g4 Bd3 32. Be2 Bxe2 33. Qxe2 Rb3 34.
Ra4 Rxc3 35. Qe4+ Kf7 36. Qf5+ Kg8 37. Qg6+ Kh8 38. Qxh6+ Kg8 39. Re1 Bh8 40.
Qg6+ Bg7 41. Qxg7# 1-0

[Event "Michigan Open"]
[Site "Cadillac, MI"]
[Date "1999.09.??"]
[Round "5"]
[White "Brumley, Ron"]
[Black "Skidmore, Mike"]
[Result "0-1"]
[WhiteElo "1909"]
[BlackElo "1835"]
[PlyCount "90"]
[EventDate "1999.09.03"]

1. Nf3 d5 2. g3 Nf6 3. Bg2 h6 4. d3 Bf5 5. O-O e6 6. Nbd2 Be7 7. Re1 O-O 8. c3
Nbd7 9. Nd4 Bg6 10. e4 Nc5 11. Qe2 Re8 12. N4b3 dxe4 13. Nxc5 Bxc5 14. dxe4 Bh5
15. Nf3 Ng4 16. Rf1 Ne5 17. Be3 Qf6 18. Bf4 Nxf3+ 19. Bxf3 Bxf3 20. Qxf3 e5 21.
Qh5 g6 22. Bxe5 Rxe5 23. Qxh6 Rh5 24. Qd2 Kg7 25. Kg2 Rah8 26. Rh1 Rd8 27. Qe2
Re8 28. f3 Qe6 29. h3 Rd8 30. g4 Rhd5 31. Rhd1 R5d6 32. a3 Qd7 33. Rxd6 Qxd6
34. Re1 Qf4 35. Qc4 Rd2+ 36. Re2 Rxe2+ 37. Qxe2 Qe3 38. Qxe3 Bxe3 39. b3 Kf6
40. h4 Ke5 41. c4 Kf4 42. a4 a5 43. h5 gxh5 44. gxh5 Kg5 45. Kg3 Bf4+ 0-1

[Event "Michigan Open"]
[Site "Cadillac, MI"]
[Date "1999.09.??"]
[Round "2"]
[White "Brumley, Ron"]
[Black "Pray, Don"]
[Result "0-1"]
[WhiteElo "1909"]
[BlackElo "2018"]
[PlyCount "82"]
[EventDate "1999.09.03"]

1. Nf3 Nf6 2. c4 c5 3. Nc3 d5 4. cxd5 Nxd5 5. g3 Nc6 6. Bg2 Nc7 7. b3 e5 8. Bb2
g6 9. Rc1 Bg7 10. Na4 b6 11. Nxe5 Nxe5 12. Bxa8 Nxa8 13. f4 Nd3+ 14. exd3 Bxb2
15. Nxb2 O-O 16. Qf3 h5 17. h3 Be6 18. Rh2 Qd4 19. Kf1 Bd5 20. Qe3 Qxb2 21. Re1
Qxa2 22. f5 Qb2 23. g4 Qd4 24. Qh6 Qxd3+ 25. Ree2 Bf3 26. f6 Bxe2+ 27. Rxe2
Qxh3+ 28. Kg1 Qg3+ 29. Kf1 Qf3+ 30. Rf2 Qh1+ 31. Ke2 Re8+ 32. Kd3 Qb1+ 33. Kc3
Qc1+ 34. Kd3 c4+ 35. Kd4 Qb2+ 36. Kxc4 b5+ 37. Kxb5 Nc7+ 38. Ka5 Ne6 39. gxh5
Rb8 40. d4 Qa1+ 41. Ra2 Qxa2# 0-1

[Event "Michigan Open"]
[Site "Cadillac, MI"]
[Date "1999.09.??"]
[Round "5"]
[White "Baze, Lineas"]
[Black "Vandivier, Don"]
[Result "0-1"]
[WhiteElo "2045"]
[BlackElo "1911"]
[PlyCount "89"]
[EventDate "1999.09.03"]

1. e4 c5 2. Nf3 Nc6 3. d4 cxd4 4. Nxd4 g6 5. Be2 Nf6 6. Nc3 Bg7 7. Nb3 O-O 8.
O-O a5 9. a4 d6 10. f4 Be6 11. f5 Bxb3 12. cxb3 Qb6+ 13. Kh1 Qd4 14. Bg5 Nxe4
15. Nxe4 Qxe4 16. Bf3 Qxf5 17. Bxe7 Nxe7 18. Bxb7 Qe5 19. Bxa8 Rxa8 20. Qf3 Qd5
21. Qe2 Nf5 22. Qc4 Qxc4 23. bxc4 Bxb2 24. Rab1 Bc3 25. g4 Ne3 26. Rf4 Bb4 27.
Re4 Nc2 28. Rf1 Kf8 29. h4 Re8 30. Ref4 Re7 31. h5 Kg7 32. hxg6 hxg6 33. g5 Ne3
34. R1f3 Nf5 35. Rd3 Re1+ 36. Kg2 Ra1 37. Kf3 Rxa4 38. Ke4 Bc5 39. Kf3 Ra1 40.
Re4 a4 41. Re8 a3 42. Rb3 Nd4+ 43. Ke4 Nxb3 44. Kd5 Rd1+ 45. Kc6 0-1

[Event "Michigan Open"]
[Site "Cadillac, MI"]
[Date "1999.09.??"]
[Round "1"]
[White "Baze, Lineas"]
[Black "Smith, Walt"]
[Result "0-1"]
[WhiteElo "2045"]
[BlackElo "1995"]
[PlyCount "78"]
[EventDate "1999.09.03"]

1. e4 Nf6 2. Nc3 c6 3. e5 Nd5 4. Nxd5 cxd5 5. Nf3 d6 6. Bb5+ Nc6 7. O-O a6 8.
Bxc6+ bxc6 9. d4 Bg4 10. Qd3 e6 11. Re1 Qa5 12. c3 Qb5 13. Qxb5 axb5 14. Nd2
dxe5 15. Rxe5 f6 16. Re1 Kd7 17. f3 Bh5 18. Nf1 Bd6 19. Be3 Rhb8 20. a3 Ra4 21.
Bf2 Rba8 22. Bg3 Bf8 23. Ne3 Bg6 24. Rac1 c5 25. dxc5 Bxc5 26. Bf2 Bxe3 27.
Bxe3 e5 28. Red1 Ke6 29. Bc5 Rc8 30. Bb4 Ra7 31. Rd2 d4 32. g4 d3 33. h4 h6 34.
f4 exf4 35. Re1+ Kd5 36. Rf2 Rc4 37. h5 Bh7 38. Re8 f3 39. Rd8+ Ke6 0-1

[Event "Michigan Open"]
[Site "Cadillac, MI"]
[Date "1999.09.??"]
[Round "3"]
[White "Baze, Lineas"]
[Black "Santiago, Reynaldo"]
[Result "1-0"]
[WhiteElo "2045"]
[BlackElo "2000"]
[PlyCount "63"]
[EventDate "1999.09.03"]

1. e4 c5 2. Nf3 d6 3. d4 cxd4 4. Nxd4 Nf6 5. Nc3 a6 6. Be2 e5 7. Nb3 Be7 8. O-O
O-O 9. Kh1 Be6 10. f4 exf4 11. Bxf4 Nc6 12. Nd4 Qc7 13. Nxe6 fxe6 14. Bc4 Nd8
15. Bb3 Kh8 16. Qe2 Nd7 17. Rad1 Nc5 18. Qg4 b5 19. a3 Rc8 20. Rf3 Nxb3 21.
cxb3 Nb7 22. Rh3 Rf6 23. b4 Rcf8 24. Rf3 Qc4 25. Qg3 Nd8 26. Bxd6 Rxf3 27. gxf3
Bxd6 28. Qxd6 Kg8 29. Qd3 Qc7 30. Ne2 Qe5 31. Rd2 Qh5 32. Ng3 1-0

[Event "Michigan Open"]
[Site "Cadillac, MI"]
[Date "1999.09.??"]
[Round "2"]
[White "Ballicora, Miguel"]
[Black "Hartwig, Thomas"]
[Result "1-0"]
[WhiteElo "2160"]
[BlackElo "2076"]
[PlyCount "59"]
[EventDate "1999.09.03"]

1. d4 Nf6 2. c4 e6 3. Nc3 Bb4 4. Bg5 h6 5. Bh4 c5 6. d5 Bxc3+ 7. bxc3 d6 8. e3
e5 9. Bd3 Nbd7 10. f3 b5 11. cxb5 Qa5 12. Qd2 g5 13. Bg3 Nb6 14. c4 Qxd2+ 15.
Kxd2 a6 16. Ne2 axb5 17. cxb5 Nfxd5 18. a3 Be6 19. Nc3 Nxc3 20. Kxc3 f6 21. e4
Ke7 22. h4 g4 23. f4 d5 24. fxe5 d4+ 25. Kd2 fxe5 26. Bxe5 Rhd8 27. Rhf1 Rd7
28. Bf6+ Kf7 29. Bd8+ Kg8 30. Bxb6 1-0

[Event "Michigan Open"]
[Site "Cadillac, MI"]
[Date "1999.09.??"]
[Round "6"]
[White "Ballicora, Miguel"]
[Black "Ciaffone, Bob"]
[Result "1/2-1/2"]
[WhiteElo "2160"]
[BlackElo "2200"]
[PlyCount "72"]
[EventDate "1999.09.03"]

1. e4 c5 2. Nc3 g6 3. g3 Bg7 4. Bg2 Nc6 5. d3 d6 6. Be3 Rb8 7. Qd2 b5 8. a3 e6
9. Rb1 a5 10. Nge2 b4 11. axb4 axb4 12. Nd1 Nd4 13. O-O Ne7 14. f4 f5 15. Bf2
O-O 16. Ne3 d5 17. e5 Qb6 18. Rfc1 Ba6 19. Nxd4 cxd4 20. Nf1 b3 21. c3 dxc3 22.
Qxc3 Qb5 23. Bc5 Rfc8 24. d4 Bf8 25. Ne3 Nc6 26. Nxd5 Nxd4 27. Nf6+ Kf7 28.
Qxd4 Bxc5 29. Rxc5 Qxc5 30. Qxc5 Rxc5 31. Nd7 Rbc8 32. Nxc5 Rxc5 33. Ra1 Bd3
34. Ra7+ Kf8 35. Ra8+ Ke7 36. Ra7+ Kd8 1/2-1/2

[Event "Michigan Open"]
[Site "Cadillac, MI"]
[Date "1999.09.??"]
[Round "4"]
[White "Ballicora, Miguel"]
[Black "Calton, Bill"]
[Result "1/2-1/2"]
[WhiteElo "2160"]
[BlackElo "2222"]
[PlyCount "56"]
[EventDate "1999.09.03"]

1. Nf3 f5 2. g3 Nf6 3. Bg2 g6 4. O-O Bg7 5. d4 O-O 6. c4 d6 7. Nc3 Qe8 8. d5
Na6 9. Nd4 Bd7 10. e4 Nxe4 11. Nxe4 fxe4 12. Bxe4 Nc5 13. Bg2 a5 14. Be3 Rb8
15. Rc1 c6 16. Qd2 cxd5 17. cxd5 Qf7 18. b3 b6 19. Kh1 Bf5 20. Nc6 Rbe8 21.
Bxc5 dxc5 22. f4 Qf6 23. Rfe1 Qd6 24. Ne5 Bc8 25. a4 Ba6 26. Nc4 Bxc4 27. bxc4
e5 28. fxe5 Rxe5 1/2-1/2

[Event "Michigan Open"]
[Site "Cadillac, MI"]
[Date "1999.09.??"]
[Round "1"]
[White "Bailey, Greg"]
[Black "Palmer, Tony"]
[Result "1/2-1/2"]
[WhiteElo "1911"]
[BlackElo "2058"]
[PlyCount "88"]
[EventDate "1999.09.03"]

1. Nf3 Nf6 2. g3 d5 3. Bg2 e6 4. d4 Bd6 5. c4 c6 6. b3 O-O 7. O-O Nbd7 8. Ba3
Bxa3 9. Nxa3 Qe7 10. Nc2 Rd8 11. c5 e5 12. e3 e4 13. Nd2 Nf8 14. b4 Bg4 15. Qb1
Re8 16. a4 a6 17. Qb3 Qd7 18. Rfb1 Bh3 19. b5 Bxg2 20. Kxg2 Qf5 21. h3 Ne6 22.
bxc6 bxc6 23. Qb7 h5 24. Qxc6 Ng5 25. Rh1 Nf3 26. Nf1 Rab8 27. Qxa6 Rb2 28. Qe2
Ra8 29. Qd1 Rxa4 30. Rc1 Raa2 31. Nd2 Nxd2 32. Qxd2 Qf3+ 33. Kh2 Ra3 34. Rhe1
Rd3 35. Qe2 Rc3 36. Kg1 Qxe2 37. Rxe2 Ne8 38. Kf1 Nc7 39. Ke1 Nb5 40. Kd1 Rd3+
41. Rd2 Nc3+ 42. Ke1 Nb1 43. Rdd1 Nc3 44. Rd2 Nb1 1/2-1/2

[Event "Michigan Open"]
[Site "Cadillac, MI"]
[Date "1999.09.??"]
[Round "4"]
[White "Bailey, Greg"]
[Black "Jarosz, Stan"]
[Result "1-0"]
[WhiteElo "1911"]
[BlackElo "2025"]
[PlyCount "45"]
[EventDate "1999.09.03"]

1. f4 Nf6 2. Nf3 g6 3. c4 Bg7 4. Nc3 c5 5. e4 d6 6. Be2 Nc6 7. O-O O-O 8. h3
Nh5 9. d3 Ng3 10. Rf2 Nxe2+ 11. Nxe2 f5 12. Ng3 e5 13. exf5 exf4 14. Bxf4 Bxf5
15. Nxf5 Rxf5 16. Be3 Qe7 17. Qd2 Re8 18. Re1 Ne5 19. Ng5 Nxc4 20. dxc4 Re5 21.
Rfe2 Rxe3 22. Rxe3 Bd4 23. Qxd4 1-0

[Event "Michigan Open"]
[Site "Cadillac, MI"]
[Date "1999.09.??"]
[Round "6"]
[White "Bailey, Greg"]
[Black "Fischvogt, Eric"]
[Result "0-1"]
[WhiteElo "1911"]
[BlackElo "2200"]
[PlyCount "84"]
[EventDate "1999.09.03"]

1. f4 Nf6 2. Nf3 c5 3. c4 g6 4. Nc3 Bg7 5. g3 O-O 6. Rb1 Nc6 7. e3 d5 8. cxd5
Nxd5 9. Be2 Bf5 10. Ra1 Ndb4 11. O-O Bc2 12. Qe1 Nd3 13. Bxd3 Bxd3 14. Rf2 b5
15. Qd1 b4 16. Ne2 Qd5 17. Ne1 c4 18. g4 a5 19. Ng3 a4 20. a3 b3 21. Qf3 Qxf3
22. Rxf3 f5 23. gxf5 gxf5 24. Nxd3 cxd3 25. Kf2 e5 26. fxe5 Bxe5 27. Nxf5 Bxh2
28. e4 Ne5 29. Rh3 Bf4 30. Rh4 Bg5 31. Rh5 h6 32. Kg2 Kh7 33. Nxh6 Kg6 34.
Rxg5+ Kxg5 35. Nf5 Rxf5 36. exf5 Kxf5 37. Kf2 Kf4 38. Rb1 Ng4+ 39. Kg2 Re8 40.
Ra1 Re2+ 41. Kf1 Kg3 42. Rb1 Nh2+ 0-1

[Event "Michigan Open"]
[Site "Cadillac, MI"]
[Date "1999.09.??"]
[Round "5"]
[White "Aldrich, Jeff"]
[Black "Townsend, Paul"]
[Result "0-1"]
[WhiteElo "1934"]
[BlackElo "1919"]
[PlyCount "54"]
[EventDate "1999.09.03"]

1. d4 e6 2. c4 f5 3. Nc3 Nf6 4. Nf3 d5 5. e3 c6 6. Be2 Bd6 7. c5 Bc7 8. b4 Ne4
9. Nxe4 fxe4 10. Nd2 O-O 11. Bf1 Nd7 12. Qe2 Qf6 13. h4 a5 14. g4 axb4 15. g5
Qf7 16. h5 b6 17. Nb3 Ba6 18. g6 Qf6 19. Qc2 Bxf1 20. Rxf1 bxc5 21. dxc5 Be5
22. Rb1 Bc3+ 23. Bd2 Ne5 24. gxh7+ Kxh7 25. Bxc3 bxc3 26. f4 Nd3+ 27. Kd1 Nb4
0-1

[Event "Michigan Open"]
[Site "Cadillac, MI"]
[Date "1999.09.??"]
[Round "1"]
[White "Aldrich, Jeff"]
[Black "Hahn, David"]
[Result "1/2-1/2"]
[WhiteElo "1934"]
[BlackElo "2159"]
[PlyCount "57"]
[EventDate "1999.09.03"]

1. d4 d6 2. c4 f5 3. Nc3 Nf6 4. Nf3 g6 5. e3 Bg7 6. Qc2 O-O 7. Bd3 Nc6 8. a3 e5
9. dxe5 dxe5 10. e4 Nd4 11. Qd1 fxe4 12. Nxe4 Nxe4 13. Bxe4 Bg4 14. Be3 Nxf3+
15. gxf3 Qxd1+ 16. Rxd1 Bxf3 17. Bxf3 Rxf3 18. Ke2 e4 19. h3 Be5 20. b4 Bf4 21.
Rd4 Bxe3 22. fxe3 Raf8 23. Rxe4 Rf2+ 24. Kd3 Rb2 25. Kc3 Rff2 26. Re7 Rbc2+ 27.
Kd3 Rcd2+ 28. Kc3 Rc2+ 29. Kd3 1/2-1/2

[Event "Michigan Open"]
[Site "Cadillac, MI"]
[Date "1999.09.??"]
[Round "3"]
[White "Aldrich, Jeff"]
[Black "Bailey, Greg"]
[Result "0-1"]
[WhiteElo "1934"]
[BlackElo "1911"]
[PlyCount "118"]
[EventDate "1999.09.03"]

1. d4 Nf6 2. c4 e6 3. Nc3 Bb4 4. e3 Bxc3+ 5. bxc3 c5 6. Bd3 Nc6 7. Nf3 d6 8.
O-O e5 9. Qc2 O-O 10. d5 Na5 11. Nd2 b6 12. e4 Nh5 13. Nb3 Nxb3 14. axb3 a5 15.
f4 exf4 16. Bxf4 Nxf4 17. Rxf4 Qg5 18. Raf1 h6 19. Qf2 f6 20. h4 Qe5 21. Qd2
Bd7 22. Bc2 Be8 23. Qe1 Bg6 24. Qg3 Bh7 25. Qf3 Rae8 26. Rf2 Qe7 27. g4 Qe5 28.
Kh1 Re7 29. g5 hxg5 30. hxg5 Qxg5 31. Rh2 Qe5 32. Rfh4 g5 33. Rg4 Bg6 34. Rh6
Rh7 35. Rxh7 Kxh7 36. Rg3 Re8 37. Rh3+ Kg7 38. Kg1 Bxe4 39. Bxe4 Qxe4 40. Qxe4
Rxe4 41. Kf2 a4 42. bxa4 Rxc4 43. Re3 Rxa4 44. Re6 Rc4 45. Rxd6 Rxc3 46. Rxb6
Rd3 47. d6 Kg6 48. Rc6 c4 49. Rxc4 Rxd6 50. Rc8 Rd3 51. Rg8+ Kf5 52. Rb8 g4 53.
Rb5+ Kf4 54. Rb4+ Kg5 55. Rb5+ f5 56. Ra5 g3+ 57. Kg2 Kg4 58. Ra4+ f4 59. Rb4
Rd2+ 0-1

[Event "Michigan Open Reserve"]
[Site "Cadillac, MI"]
[Date "1999.09.03"]
[Round "1"]
[White "Saylor, Oliver"]
[Black "Mose, Greg"]
[Result "1-0"]
[WhiteElo "1308"]
[BlackElo "1563"]
[PlyCount "125"]
[EventDate "1999.09.03"]

1. e4 c5 2. Nf3 Nc6 3. d4 cxd4 4. Nxd4 e5 5. Nf3 Nf6 6. Bd3 d5 7. exd5 Qxd5 8.
Be2 Be7 9. Qxd5 Nxd5 10. c3 O-O 11. Bb5 Re8 12. O-O Bd6 13. Nbd2 a6 14. Ba4 b5
15. Bb3 Nf4 16. Ne4 Bc7 17. Bxf4 exf4 18. Rfe1 Be6 19. Bxe6 fxe6 20. Rad1 b4
21. Rd7 Rac8 22. cxb4 Nxb4 23. a3 Nd5 24. b4 a5 25. bxa5 Bxa5 26. Rb1 Red8 27.
Rxd8+ Bxd8 28. Nfg5 e5 29. h3 h6 30. Nf3 Bf6 31. a4 Nc3 32. Nxf6+ gxf6 33. Ra1
Ra8 34. a5 Kf7 35. Kh2 Ke7 36. g3 fxg3+ 37. Kxg3 Ne4+ 38. Kg2 Nc5 39. Nh4 h5
40. Ra3 Nb7 41. a6 Nc5 42. a7 Ke6 43. Kf3 Kd7 44. Nf5 Ne6 45. Kg3 Nc7 46. Kh4
Nb5 47. Ra6 Rxa7 48. Rxa7+ Nxa7 49. Kxh5 Ke6 50. Kg6 Nc6 51. Ng7+ Ke7 52. h4
Nd8 53. Nh5 f5 54. Kxf5 Nf7 55. f3 Kd6 56. Kf6 Nh6 57. Kg6 Ng8 58. Nf6 Ne7+ 59.
Kf7 Nf5 60. h5 Nh6+ 61. Kg6 Ke6 62. Ne4 Nf7 63. Ng5+ {(Time)} 1-0

[Event "Michigan Open Reserve"]
[Site "Cadillac, MI"]
[Date "1999.09.03"]
[Round "1"]
[White "Moore, Robert"]
[Black "Kyser, Bob"]
[Result "1-0"]
[WhiteElo "1600"]
[BlackElo "1309"]
[PlyCount "43"]
[EventDate "1999.09.03"]

1. e4 d5 2. exd5 Nf6 3. d4 Bg4 4. f3 Bf5 5. c4 e6 6. dxe6 Bb4+ 7. Nc3 Nc6 8.
exf7+ Kxf7 9. Be3 Re8 10. Kf2 Bxc3 11. bxc3 Qe7 12. Qd2 Bg4 13. Bd3 Rad8 14.
Re1 Bh5 15. Nh3 Ne4+ 16. Bxe4 Qh4+ 17. Kf1 Ne5 18. Bg5 Nxf3 19. Bxf3 Rxe1+ 20.
Qxe1 Qxe1+ 21. Kxe1 Bg6 22. Bxd8 1-0

[Event "Michigan Open Reserve"]
[Site "Cadillac, MI"]
[Date "1999.09.03"]
[Round "1"]
[White "Labiner, Jordan"]
[Black "Mitchell, Dave"]
[Result "1-0"]
[WhiteElo "1554"]
[BlackElo "1295"]
[PlyCount "73"]
[EventDate "1999.09.03"]

1. e4 d6 2. d4 Nf6 3. Bd3 c6 4. c4 e5 5. d5 Be7 6. Nc3 O-O 7. h3 Nbd7 8. Be3
Re8 9. Qa4 c5 10. O-O-O Nb6 11. Qc2 a5 12. f4 Nfd7 13. Nf3 Bh4 14. Nb5 Be7 15.
f5 Nb8 16. g4 Na6 17. a3 Nc7 18. Nxc7 Qxc7 19. g5 f6 20. Rhg1 Nd7 21. gxf6 Bxf6
22. Bg5 Qd8 23. Bxf6 Nxf6 24. Ng5 h6 25. Ne6 Bxe6 26. dxe6 Qe7 27. Rg6 Nh5 28.
Be2 Nf4 29. Rg3 Nxe2+ 30. Qxe2 Kh7 31. Qg4 Rg8 32. Rgd3 Rad8 33. Qe2 g6 34. Qd2
Qg5 35. Qxg5 hxg5 36. Rxd6 Rxd6 37. Rxd6 1-0

[Event "Michigan Open Reserve"]
[Site "Cadillac, MI"]
[Date "1999.09.03"]
[Round "1"]
[White "June, Brian"]
[Black "Duweck, Mike"]
[Result "1-0"]
[WhiteElo "1700"]
[BlackElo "1439"]
[PlyCount "63"]
[EventDate "1999.09.03"]

1. e4 c5 2. Nf3 d6 3. d4 cxd4 4. Nxd4 Nf6 5. Nc3 g6 6. Be3 Bg7 7. Qd2 a6 8. Be2
Nc6 9. O-O-O O-O 10. h4 Ng4 11. Bxg4 Bxg4 12. f3 Nxd4 13. fxg4 Nc6 14. h5 Ne5
15. hxg6 hxg6 16. Bh6 Nxg4 17. Bxg7 Kxg7 18. Qf4 Qd7 19. Rh4 f5 20. exf5 gxf5
21. Qg5+ Kf7 22. Qh5+ Kg7 23. Qh7+ Kf6 24. Nd5+ Ke6 25. Rxg4 fxg4 26. Qe4+ Kf7
27. Rf1+ Kg7 28. Nf4 Rxf4 29. Rxf4 e5 30. Rxg4+ Kf7 31. Qh7+ Ke6 32. Rg6+ 1-0

[Event "Michigan Open Reserve"]
[Site "Cadillac, MI"]
[Date "1999.09.03"]
[Round "1"]
[White "Johnson, Donta"]
[Black "Cox, Daniel"]
[Result "1-0"]
[WhiteElo "1483"]
[BlackElo "802"]
[PlyCount "53"]
[EventDate "1999.09.03"]

1. e4 e5 2. Nf3 Nc6 3. Bb5 Nf6 4. O-O Nxe4 5. Re1 d5 6. Nxe5 Bd7 7. Nxd7 Qxd7
8. d3 f5 9. dxe4 fxe4 10. Nc3 O-O-O 11. Bf4 Bd6 12. Bxd6 Qxd6 13. Qg4+ Kb8 14.
Rad1 Qc5 15. Bxc6 Qxc6 16. Qf5 g6 17. Qg5 Rhf8 18. Rxd5 Rxd5 19. Qxd5 Qf6 20.
Nxe4 Qxb2 21. Qb3 Qd4 22. Qe3 Qa4 23. Nc5 Qc6 24. Rd1 a6 25. Nd7+ Kc8 26. Qa7
Qxd7 27. Qa8# 1-0

[Event "Michigan Open Reserve"]
[Site "Cadillac, MI"]
[Date "1999.09.03"]
[Round "1"]
[White "Hogarth, Frank"]
[Black "Dickerson, Tom"]
[Result "0-1"]
[WhiteElo "879"]
[BlackElo "1487"]
[PlyCount "78"]
[EventDate "1999.09.03"]

1. e4 e6 2. d4 d5 3. e5 c5 4. Nf3 Nc6 5. c3 Bd7 6. Ng5 h5 7. Qf3 f6 8. Bd3 Nce7
9. Nh7 Kf7 10. Qxh5+ g6 11. Ng5+ Kg7 12. Qf3 Nf5 13. Ne4 dxe4 14. Bxe4 Nh4 15.
Qg3 Nf5 16. Qg4 Bc6 17. Bf3 Rh4 18. h3 Rxg4 19. hxg4 Bxf3 20. gxf3 Nfh6 21. Be3
cxd4 22. Bxd4 f5 23. Nd2 fxg4 24. f4 Nf5 25. Ne4 Nxd4 26. Ng5 Nf3+ 27. Nxf3
gxf3 28. Rd1 Qb6 29. b3 Bc5 30. Kd2 Rd8+ 31. Kc2 Rxd1 32. Rxd1 Bxf2 33. Rd6 Qe3
34. Rd7+ Kh6 35. Rd4 Qe2+ 36. Rd2 Qe4+ 37. Rd3 Qxf4 38. Rd4 Bxd4 39. cxd4 Qxd4
{(Time)} 0-1

[Event "Michigan Open Reserve"]
[Site "Cadillac, MI"]
[Date "1999.09.03"]
[Round "1"]
[White "Haney, Mark"]
[Black "Drysdale, Gilbert"]
[Result "0-1"]
[WhiteElo "1478"]
[BlackElo "1795"]
[PlyCount "60"]
[EventDate "1999.09.03"]

1. e4 d5 2. exd5 Nf6 3. c4 e6 4. dxe6 Bxe6 5. Nf3 Qe7 6. Be2 Bxc4 7. d3 Ba6 8.
O-O Nc6 9. Bf4 Nd5 10. Bg3 O-O-O 11. a3 Qf6 12. d4 Bxe2 13. Qxe2 Nxd4 14. Nxd4
Qxd4 15. Nc3 Nxc3 16. bxc3 Qc5 17. Qg4+ f5 18. Qf3 Bd6 19. Rab1 c6 20. Bh4 Rde8
21. Bg5 Qe5 22. g3 Qe4 23. Qd1 Bc5 24. Qb3 b6 25. a4 h6 26. Bd2 Qd3 27. Rbd1
Qf3 28. Bf4 Re2 29. Rd2 Bxf2+ 30. Rxf2 Re1+ 0-1

[Event "Michigan Open Reserve"]
[Site "Cadillac, MI"]
[Date "1999.09.03"]
[Round "1"]
[White "Grzegorczyk, Ron"]
[Black "Cox, Nick"]
[Result "1-0"]
[WhiteElo "1500"]
[BlackElo "1015"]
[PlyCount "103"]
[EventDate "1999.09.03"]

1. e4 c5 2. Nf3 d6 3. Nc3 Nf6 4. d3 g6 5. Be2 Bg7 6. O-O O-O 7. Rb1 Nc6 8. a3
Be6 9. Ng5 Qd7 10. f4 Bg4 11. h3 Bxe2 12. Nxe2 Rac8 13. c4 a6 14. f5 b5 15. b3
Rb8 16. fxg6 fxg6 17. cxb5 axb5 18. Bb2 e5 19. Qc2 Qe7 20. Nf3 d5 21. Nd2 Nd4
22. Nxd4 exd4 23. Rbe1 dxe4 24. Nxe4 Nxe4 25. Rxf8+ Rxf8 26. Rxe4 Qd6 27. Qe2
Qd7 28. Re7 Qd8 29. Qe6+ Kh8 30. a4 bxa4 31. bxa4 Qa8 32. Qd7 Rg8 33. Ba3 Qc8
34. Qb5 Bf8 35. Re8 Qf5 36. Qb8 Qf7 37. a5 Bd6 38. Rxg8+ Qxg8 39. Qxd6 Qa2 40.
Qf8+ Qg8 41. Qxg8+ Kxg8 42. Bxc5 Kf7 43. a6 Ke6 44. Bxd4 Kd5 45. a7 Kxd4 46.
a8=Q Kxd3 47. Qe8 Kd4 48. Kf2 h5 49. Qxg6 Ke5 50. Qxh5+ Ke4 51. g4 Kf4 52. Qf5#
1-0

[Event "Michigan Open Reserve"]
[Site "Cadillac, MI"]
[Date "1999.09.03"]
[Round "1"]
[White "Choate, Eric"]
[Black "Aldrich, Justin"]
[Result "0-1"]
[WhiteElo "1168"]
[BlackElo "1503"]
[PlyCount "74"]
[EventDate "1999.09.03"]

1. e4 e5 2. Nf3 Nc6 3. Bc4 Bc5 4. d3 h6 5. O-O d6 6. h3 Nf6 7. Re1 O-O 8. c3
Re8 9. Be3 Bxe3 10. Rxe3 a6 11. Qb3 Re7 12. Nbd2 Na5 13. Qc2 Nxc4 14. Nxc4 b5
15. Na5 Bd7 16. b4 c5 17. a3 Rc8 18. Rd1 Qc7 19. Rc1 Nh5 20. Qd2 f5 21. exf5
Bxf5 22. g4 Nf4 23. gxf5 Nxh3+ 24. Kf1 Rf7 25. Nxe5 Rxf5 26. Rxh3 Rxe5 27. Re3
Rf5 28. Rce1 d5 29. Ke2 Rcf8 30. Rf1 Qh2 31. Qe1 d4 32. cxd4 cxd4 33. Re4 Qh5+
34. Kd2 Qf7 35. Rxd4 Qa2+ 36. Ke3 Rf3+ 37. Ke4 Qe6# 0-1

[Event "Michigan Open Reserve"]
[Site "Cadillac, MI"]
[Date "1999.09.03"]
[Round "1"]
[White "Baker, David"]
[Black "Miller, Jess"]
[Result "1-0"]
[WhiteElo "1515"]
[BlackElo "1231"]
[PlyCount "76"]
[EventDate "1999.09.03"]

1. d4 d5 2. e3 e6 3. c4 c5 4. Nc3 Nf6 5. Nf3 Nc6 6. Be2 dxc4 7. Bxc4 cxd4 8.
exd4 Bd6 9. O-O O-O 10. Bg5 h6 11. Bxf6 Qxf6 12. Ne4 Qe7 13. Nxd6 Qxd6 14. d5
Na5 15. Bd3 Qxd5 16. Qe2 Qh5 17. Rfd1 b6 18. Qe4 f5 19. Qxa8 Bb7 20. Qxa7 Bxf3
21. gxf3 Nc6 22. Qxb6 Qg6+ 23. Kf1 Ne5 24. Qe3 Nf7 25. Ke2 e5 26. Rg1 Qd6 27.
Bc4 Ra8 28. Rad1 Qf6 29. Qb3 Rf8 30. Rd7 e4 31. Bxf7+ Kh8 32. Rgd1 exf3+ 33.
Qxf3 Qxb2+ 34. Kf1 Qf6 35. R1d6 Qe5 36. Qg3 Qa1+ 37. Kg2 g5 38. Rxh6+ Kg7 1-0